00363nam a2200145Ia 4500008004100000020001500041041001200056082001600068100001700084245006700101250000800168260002500176300000800201650000800209221030s9999 xx 000 0 und d a8120309898 aEnglish a105.23bRas aM. H. Rashid 0aSpice For Circuits & Electronics Using PSpicecby M. H. Rashid a2nd bPHIaNew Delhic2001 a364 aECE